| 000 | 01173nam a2200265 a 4500 | ||
|---|---|---|---|
| 001 | 82091 | ||
| 003 | BD-RjUL | ||
| 005 | 20231121095631.0 | ||
| 008 | 231011s2014 bg a|||| m||| 00| 0 eng d | ||
| 035 | _a(BD-RjUL)82091 | ||
| 040 |
_aBD-RjUL _beng _cBD-RjUL _dBD-RjUL |
||
| 041 | _aeng | ||
| 082 |
_223 _a616.9 _bKAI 2014 |
||
| 100 |
_aKamruzzaman, A K M _99485 |
||
| 245 | 1 | 0 |
_aIMPACT OF CLIMATE CHANGE ON THE OUTBREAK OF INFECTIOUS DISEASES AMONG CHILDREN IN BANGLADESH : _bIT'S PREVENTION AND CONTROL / _cA K M Kamruzzaman _6Principal Supervisor : Md. Sarwar Jahan,Co-Supervisor : Md. Redwanur Rahman & Md. Jawadul Haque |
| 260 |
_aRajshahi : _bInstitute of Environmental Science, University of Rajshahi, _c2014. |
||
| 300 |
_a[2], xvi, 153 leaves : _bill.; _c29 cm. |
||
| 502 | _aThesis(Ph.D.)-- Institute of Environmental Science, University of Rajshahi,2014 | ||
| 504 | _aReferences : Leaves 103-111 | ||
| 650 |
_aCommunicable diseases _xClimate change _vChildren _99486 |
||
| 700 |
_aJahan, Md. Sarwar, Principal Supervisor _99487 |
||
| 700 |
_aRahman, Md. Redwanur, Co-Supervisor _91867 |
||
| 700 |
_aHaque, Md. Jawadul, Co-Supervisor _96749 |
||
| 942 |
_2ddc _cTHE |
||
| 999 |
_c82091 _d82091 |
||